Columbo Season 1 Killers - Statistics

General Stats
  • This quiz has been taken 26 times
  • The average score is 7 of 9
Answer Stats
Picture Answer % Correct
Ray Flemming
100%
Ken Franklin
88%
Carl Brimmer
75%
Dale Kingston
75%
Beth Chadwick
63%
Elliot Markham
63%
Leslie Williams
63%
Martin Hollister
63%
Roger Stanford
63%
No matching quizzes found
Score Distribution
Percent of People with Each Score
Percentile by Number Answered
Your Score History
You have not taken this quiz